| 000 | 00610cam a2200145 4500500 | ||
|---|---|---|---|
| 005 | 20251228090855.0 | ||
| 041 | _afre | ||
| 042 | _adc | ||
| 100 | 1 | 0 |
_aFaguer, Nicolas _eauthor |
| 245 | 0 | 0 | _aCorrespondance de Maritain avec Claudel, Bernanos et Mauriac : « Un catholique n’a pas d’alliés ». Editions du Cerf, 2018, 360 pages, 24 euros |
| 260 | _c2019. | ||
| 500 | _a35 | ||
| 786 | 0 | _nBulletin de l’Amitié Charles Péguy | 165 | 1 | 2019-04-24 | p. 63-63 | 0180-8567 | |
| 856 | 4 | 1 | _uhttps://shs.cairn.info/revue-bulletin-de-lamitie-charles-peguy-2019-1-page-63?lang=fr&redirect-ssocas=7080 |
| 999 |
_c1602817 _d1602817 |
||